<?xml version="1.0" encoding="UTF-8"?>
<marc:record xmlns:marc="http://www.loc.gov/MARC21/slim">
   <marc:leader>00000nam a2200000 a 4500</marc:leader>
   <marc:datafield ind1="1" ind2=" " tag="100">
      <marc:subfield code="a">Renöckl, Georg</marc:subfield>
      <marc:subfield code="4">aut</marc:subfield>
      <marc:subfield code="e">Verfasser/-in</marc:subfield>
   </marc:datafield>
   <marc:datafield ind1=" " ind2=" " tag="653">
      <marc:subfield code="a">Softcover / Reisen/Reiseberichte</marc:subfield>
   </marc:datafield>
   <marc:datafield ind1=" " ind2=" " tag="653">
      <marc:subfield code="a">Reiseerzählungen/Europa</marc:subfield>
   </marc:datafield>
   <marc:datafield ind1="0" ind2="0" tag="245">
      <marc:subfield code="a">Wien abseits der Pfade</marc:subfield>
   </marc:datafield>
   <marc:datafield ind1="0" ind2="0" tag="245">
      <marc:subfield code="c">Georg Renöckl</marc:subfield>
   </marc:datafield>
   <marc:datafield ind1=" " ind2="1" tag="264">
      <marc:subfield code="a">Wien</marc:subfield>
      <marc:subfield code="b">Braumüller Verlag</marc:subfield>
      <marc:subfield code="c">2019</marc:subfield>
   </marc:datafield>
   <marc:datafield ind1="1" ind2=" " tag="520">
      <marc:subfield code="a">Angaben aus der Verlagsmeldung

Wien abseits der Pfade / von Georg Renöckl

Vergessen Sie die Lipizzaner. Wiens wahres Wappentier ist die Weinbergschnecke. Und passt nicht ein derb daherraunzender Beschwerdechor viel besser zum herben Charme dieser Stadt als süße Sängerknaben? Georg Renöckl führt Sie in die verborgenen Winkel und hinter die Touristenkitsch-Fassaden der Millionenstadt an der Donau. Gehen Sie der Wiener Lebensqualität bei einem Spaziergang mit einem Experten für alles Hässliche auf den Grund oder erwandern Sie sich die Geschichte der Wiener Wasserversorgung. Machen Sie sich auf die Suche nach übrig gebliebenen und neu gegründeten kleinen Handwerksbetrieben, kosten Sie Konfekt aus Blüten der Wiener Streuobstwiesen und verzweifeln Sie an der Qual der Wahl zwischen urigem Wiener Beisel, gediegenem Jazzkeller und angesagtem Retro-Restaurant, während Sie zum Aperitif im Schrebergarten-Schutzhaus einen Jägertee schlürfen.
</marc:subfield>
   </marc:datafield>
   <marc:datafield ind1=" " ind2=" " tag="020">
      <marc:subfield code="a">9783991002765</marc:subfield>
      <marc:subfield code="9">9783991002765</marc:subfield>
   </marc:datafield>
   <marc:datafield ind1=" " ind2=" " tag="020">
      <marc:subfield code="a">3991002760</marc:subfield>
      <marc:subfield code="9">3991002760</marc:subfield>
   </marc:datafield>
   <marc:datafield ind1=" " ind2=" " tag="041">
      <marc:subfield code="a">ger</marc:subfield>
   </marc:datafield>
   <marc:datafield ind1=" " ind2=" " tag="300">
      <marc:subfield code="a">400 Seiten</marc:subfield>
   </marc:datafield>
</marc:record>
